00991cam a2200289 a 4500001000500000005001700005020001800022040002300040050001300063082001100076100002400087245007000111250004200181260003400223300006000257505000800317520015900325521002100484521002000505650003400525650004700559650003300606650001300639650001100652650002600663650001200689259920240108092631.0 a9780590412520 aDLCcDLCdDLCbeng00aQK49.H4700a582.131 aHeller, Ruthd1924-14aThe reason for a flower /cwritten and illustrated by Ruth Heller aFirst Scholastic printing, April 1988 aNew York :bScholastic,c1983 a40 unnumbered pages : bcolor illustrations ; c21 cm . aG  aBrief text and lavish illustrations explain plant reproduction and the purpose of a flower and present some plants which don't seem to be flowers but are. a371 bLexile  aG bRaz-Plus  0aFlowersxJuvenile literature. 0aPlantsxReproductionxJuvenile literature. 0aPlantsxJuvenile literature. 1aFlowers. 1aSeeds. 1aPlantsxReproduction. 1aPlants.